[Event "40th Annual World Open"]
[Site "Philadelphia USA"]
[Date "2012.07.06"]
[Round "4"]
[White "Benjamin, Joel"]
[Black "Sarkar, Justin"]
[Result "1/2-1/2"]
[WhiteTitle "GM"]
[BlackTitle "IM"]
[WhiteElo "2559"]
[BlackElo "2396"]
[WhiteFideId "2000091"]
[BlackFideId "2010011"]
[EventDate "2012.07.03"]
[EventType "swiss"]

1. e4 c6 2. Ne2 d5 3. e5 d4 4. c3 c5 5. Nf4 Qc7 6. Bb5+ Nc6 7. Qe2 Bf5 8. d3
dxc3 9. bxc3 a6 10. Nd5 Qd8 11. Bxc6+ bxc6 12. Nf4 g5 13. g4 Bxg4 14. Qxg4 gxf4
15. Qf3 Qd5 16. Qxd5 cxd5 17. Bxf4 Bh6 18. Bg3 e6 19. Nd2 Ne7 20. Rb1 O-O 21.
Rb7 Ng6 22. Ke2 f5 23. exf6 Rxf6 24. Rhb1 Raf8 25. Rb8 Nf4+ 26. Bxf4 Rxf4 27.
Rxf8+ Kxf8 28. Rb8+ Kg7 29. Rb7+ Rf7 30. Rxf7+ Kxf7 31. Nb3 Bf8 32. Kf3 Kg6 33.
Na5 Kf5 34. c4 Ke5 35. Nc6+ Kd6 36. Na5 Ke5 37. Nc6+ Kd6 38. Na5 1/2-1/2

[Event "40th Annual World Open"]
[Site "Philadelphia USA"]
[Date "2012.07.06"]
[Round "4"]
[White "Norowitz, Yaacov"]
[Black "Amanov, Mesgen"]
[Result "1-0"]
[BlackTitle "GM"]
[WhiteElo "2388"]
[BlackElo "2529"]
[WhiteFideId "2024799"]
[BlackFideId "14000652"]
[EventDate "2012.07.03"]
[EventType "swiss"]

1. d4 d5 2. c4 c6 3. cxd5 cxd5 4. Nc3 e5 5. e3 e4 6. f3 exf3 7. Nxf3 Nf6 8. Qb3
Nc6 9. Bb5 Bd6 10. Bd2 O-O 11. O-O-O Na5 12. Qc2 Bg4 13. Bd3 Rc8 14. Kb1 Nc4 15.
Qb3 b5 16. h3 Bd7 17. Rde1 b4 18. Nxd5 Nxd5 19. Bxc4 Nb6 20. Rc1 Ba4 21. Qd3
Nxc4 22. Rxc4 Bb5 23. b3 a5 24. Rhc1 a4 25. Qf5 Bxc4 26. bxc4 b3 27. c5 bxa2+
28. Kxa2 Be7 29. Rc4 Qe8 30. Qe4 f5 31. Qe6+ Kh8 32. Rb4 Rf6 33. Qd5 h6 34. Rb7
Rb8 35. Rxb8 Qxb8 36. Ne5 Qb5 37. Qc4 Qb7 38. c6 Qc7 39. Bb4 Bxb4 40. Qxb4 Kh7
41. Qc5 Re6 42. Qc2 g6 43. h4 h5 44. Qc4 Re7 45. Qc5 Re6 46. g3 Kg7 47. Qd5 Rd6
48. Qc4 Rf6 49. Qc3 Kh7 50. d5 Qd6 51. Qd4 Qb8 52. Qb2 Qd6 53. Qb7+ Kh6 54. Nf7+
Rxf7 55. Qxf7 Qb4 56. Qb7 Qd2+ 57. Ka3 Qxd5 58. Kxa4 Qc4+ 59. Ka5 Qc3+ 60. Kb5
Qb3+ 61. Ka6 Qa3+ 62. Kb6 Qxe3+ 63. Kb5 Qb3+ 64. Kc5 Qc3+ 65. Kd5 Qxg3 66. Qb2
Qf3+ 67. Kc5 Qe3+ 68. Qd4 Qa3+ 69. Kb6 Qb3+ 70. Ka7 Qf7+ 71. Kb8 Qg8+ 72. Kb7
Qb3+ 73. Qb6 Qd5 1-0

[Event "40th Annual World Open"]
[Site "Philadelphia USA"]
[Date "2012.07.06"]
[Round "4"]
[White "Arnold, Marc T"]
[Black "Battaglini, Gabriel"]
[Result "1-0"]
[WhiteTitle "IM"]
[BlackTitle "IM"]
[WhiteElo "2529"]
[BlackElo "2419"]
[WhiteFideId "2022320"]
[BlackFideId "621650"]
[EventDate "2012.07.03"]
[EventType "swiss"]

1. Nf3 Nf6 2. c4 e6 3. Nc3 c5 4. e3 g6 5. d4 Bg7 6. Be2 O-O 7. O-O d6 8. e4 cxd4
9. Nxd4 a6 10. Be3 Qc7 11. Qd2 b6 12. Rfd1 Bb7 13. f3 Nbd7 14. Nb3 Ne8 15. Qe1
f5 16. Nd4 Bxd4 17. Rxd4 f4 18. Bf2 Ne5 19. Kh1 g5 20. b4 g4 21. Rc1 Qg7 22. Na4
g3 23. hxg3 fxg3 24. Bxg3 Nxf3 25. gxf3 Qxd4 26. Qg1 Qxg1+ 27. Rxg1 Kf7 28. Nxb6
Rd8 29. Rd1 Rg8 30. Kg2 Nf6 31. Kf2 Bxe4 32. Rxd6 Rxd6 33. Bxd6 h5 34. Bg3 Bb7
35. a4 e5 36. c5 e4 37. Bc4+ Ke8 38. Bxg8 Nxg8 39. b5 axb5 40. axb5 Ne7 41. Nc4
Bd5 42. Nd6+ Kd7 43. fxe4 Bb3 44. Ke3 h4 45. Bxh4 Nc8 46. Nxc8 Kxc8 47. Kd4 Kb7
48. Kc3 Ba4 49. Kb4 Bc2 50. c6+ Kb6 51. Bf2+ Kc7 52. Kc5 Bxe4 53. Bg3+ Kc8 54.
b6 1-0

[Event "40th Annual World Open"]
[Site "Philadelphia USA"]
[Date "2012.07.06"]
[Round "4"]
[White "Coleman, Teddy"]
[Black "Shyam, Nikil P."]
[Result "0-1"]
[WhiteTitle "FM"]
[BlackTitle "IM"]
[WhiteElo "2379"]
[BlackElo "2502"]
[WhiteFideId "2022010"]
[BlackFideId "5024218"]
[EventDate "2012.07.03"]
[EventType "swiss"]

1. d4 Nf6 2. c4 e6 3. Nc3 Bb4 4. f3 d5 5. a3 Bxc3+ 6. bxc3 c5 7. cxd5 Nxd5 8.
dxc5 f5 9. Nh3 O-O 10. c4 Nf6 11. Qxd8 Rxd8 12. Bg5 Na6 13. e4 fxe4 14. fxe4 e5
15. Nf2 Nxc5 16. Bxf6 gxf6 17. Be2 Be6 18. Rd1 Rxd1+ 19. Kxd1 Rc8 20. Kd2 Nb3+
21. Ke3 Bxc4 22. Rb1 Be6 23. Bg4 Rc3+ 24. Ke2 Bc4+ 0-1

[Event "40th Annual World Open"]
[Site "Philadelphia USA"]
[Date "2012.07.06"]
[Round "4"]
[White "Batchuluun, Tsegmed"]
[Black "Karavade, Eesha"]
[Result "1/2-1/2"]
[WhiteTitle "GM"]
[BlackTitle "IM"]
[WhiteElo "2501"]
[BlackElo "2343"]
[WhiteFideId "4900847"]
[BlackFideId "5012600"]
[EventDate "2012.07.03"]
[EventType "swiss"]

1. d4 e6 2. c4 Nf6 3. g3 d5 4. Nf3 dxc4 5. Bg2 Nc6 6. Qa4 Bb4+ 7. Bd2 Nd5 8.
Bxb4 Nxb4 9. Na3 Rb8 10. O-O O-O 11. Qb5 b6 12. Qxc4 Ba6 13. Nb5 Qd5 14. Qxd5
Nxd5 15. a4 Na5 16. Ne5 Rbd8 17. Nxa7 Nb4 18. Rac1 Rxd4 19. Nb5 Bxb5 20. axb5 f6
21. e3 Rdd8 22. Nf3 c5 23. bxc6 Nbxc6 24. Rfd1 Rxd1+ 25. Rxd1 Rd8 26. Rxd8+ Nxd8
27. Nd2 Ndc6 28. Bxc6 Nxc6 29. Kf1 Kf8 30. Ke2 Ke7 31. Nc4 b5 32. Na3 Na7 33.
Kd3 Kd6 34. b4 e5 35. g4 Kd5 36. e4+ Ke6 37. Ke3 Nc6 38. Nxb5 1/2-1/2

[Event "40th Annual World Open"]
[Site "Philadelphia USA"]
[Date "2012.07.06"]
[Round "4"]
[White "Ramirez, Alejandro"]
[Black "Defibaugh, Jared E"]
[Result "1-0"]
[WhiteTitle "GM"]
[WhiteElo "2576"]
[BlackElo "2263"]
[WhiteFideId "6500617"]
[BlackFideId "2005603"]
[EventDate "2012.07.03"]
[EventType "swiss"]

1. d4 Nf6 2. c4 g6 3. Nf3 Bg7 4. g3 c6 5. Bg2 d5 6. cxd5 cxd5 7. Ne5 O-O 8. O-O
Ng4 9. f4 Nc6 10. Nc3 Ngxe5 11. fxe5 e6 12. Be3 b5 13. Qd2 Qb6 14. Rf6 Bxf6 15.
exf6 Qd8 16. Rf1 a6 17. Bh6 Bb7 18. Bg7 e5 19. Bxd5 Nxd4 20. Bxf8 Bxd5 21. Be7
Qd7 22. e3 Bc4 23. exd4 Bxf1 24. Qh6 1-0

[Event "40th Annual World Open"]
[Site "Philadelphia USA"]
[Date "2012.07.06"]
[Round "4"]
[White "Vidit, Santosh Gujrathi"]
[Black "Homa, Seth"]
[Result "1/2-1/2"]
[WhiteTitle "IM"]
[BlackTitle "FM"]
[WhiteElo "2530"]
[BlackElo "2283"]
[WhiteFideId "5029465"]
[BlackFideId "2031779"]
[EventDate "2012.07.03"]
[EventType "swiss"]

1. d4 e6 2. c4 Nf6 3. g3 c5 4. Nf3 cxd4 5. Nxd4 Bb4+ 6. Nc3 Qa5 7. Qd3 Ne4 8.
Nb3 Nxc3 9. Bd2 Ne4 10. Qxe4 Bxd2+ 11. Nxd2 O-O 12. Bg2 Rd8 13. Qc2 d5 14. O-O
Nc6 15. Nb3 Qb6 16. Rfd1 dxc4 17. Qxc4 Bd7 18. Qc5 Be8 19. Qxb6 axb6 20. a3 Kf8
21. Kf1 Ke7 22. Ke1 f6 23. Rxd8 Rxd8 24. Rc1 e5 25. Nd2 Bf7 26. Rc3 Bd5 27. Bxd5
Rxd5 28. b4 Nd4 29. g4 Ne6 30. e3 g6 31. Ke2 Rd8 32. Nc4 b5 33. Na5 Rd7 34. Nb3
Rd8 1/2-1/2

[Event "40th Annual World Open"]
[Site "Philadelphia USA"]
[Date "2012.07.06"]
[Round "4"]
[White "Bodek, Michael H"]
[Black "Liu, Qingnan"]
[Result "0-1"]
[WhiteTitle "FM"]
[BlackTitle "IM"]
[WhiteElo "2324"]
[BlackElo "2509"]
[WhiteFideId "2043858"]
[BlackFideId "8603294"]
[EventDate "2012.07.03"]
[EventType "swiss"]

1. e4 d6 2. d4 g6 3. Nc3 Bg7 4. Nf3 a6 5. a4 Bg4 6. Be2 Nc6 7. Be3 e5 8. dxe5
Bxf3 9. Bxf3 Nxe5 10. Be2 Ne7 11. O-O N5c6 12. f4 f5 13. Nd5 fxe4 14. f5 Nxf5
15. Rxf5 gxf5 16. Bh5+ Kd7 17. Bf7 Qh4 18. Qf1 Bd4 19. Qxf5+ Kd8 20. g3 Bxe3+
21. Nxe3 Qe7 22. Rf1 Nd4 23. Qh5 Nf3+ 24. Kg2 Qg5 25. Qxg5+ Nxg5 26. Rf5 Nf3 27.
Bd5 c6 28. Bxe4 Ne5 29. Rg5 Nf7 30. Rg7 Ke7 31. Rxh7 d5 32. Rxh8 Rxh8 33. Bd3
Ne5 34. g4 Kf6 35. Kg3 d4 36. Nf5 c5 37. Be4 b5 38. axb5 axb5 39. h4 Nc4 40. Kf4
Ne3 41. h5 Rg8 42. Nh6 Rg5 43. b3 c4 44. bxc4 bxc4 45. Bh7 Nd5+ 46. Ke4 Kg7 0-1

[Event "40th Annual World Open"]
[Site "Philadelphia USA"]
[Date "2012.07.06"]
[Round "4"]
[White "Molner, Mackenzie"]
[Black "Shvartsman, Andrew Nathaniel"]
[Result "1-0"]
[WhiteTitle "IM"]
[BlackTitle "CM"]
[WhiteElo "2479"]
[BlackElo "2240"]
[WhiteFideId "2021722"]
[BlackFideId "2006111"]
[EventDate "2012.07.03"]
[EventType "swiss"]

1. c4 g6 2. d4 Nf6 3. Nc3 Bg7 4. e4 d6 5. Nf3 O-O 6. Be2 e5 7. O-O Nc6 8. d5 Ne7
9. Ne1 Ne8 10. Be3 f5 11. f3 f4 12. Bf2 g5 13. c5 Rf7 14. cxd6 cxd6 15. Nb5 a6
16. Na3 Bd7 17. Nc4 Nc8 18. b4 h5 19. Na5 Rb8 20. Rc1 Bf8 21. Qb3 Bb5 22. Bxb5
axb5 23. Qd3 Qd7 24. Kh1 Be7 25. Nc2 Bd8 26. Na3 Nc7 27. Rg1 g4 28. Rcf1 Na6 29.
Qxb5 Qxb5 30. Nxb5 Nxb4 31. Nc4 Rc7 32. Nxc7 Bxc7 33. g3 b5 34. Nb2 fxg3 35.
Rxg3 Ne7 36. fxg4 h4 37. Rb3 Na6 38. Nd3 1-0

[Event "40th Annual World Open"]
[Site "Philadelphia USA"]
[Date "2012.07.06"]
[Round "4"]
[White "Bercys, Salvijus"]
[Black "Williams, Justus D"]
[Result "0-1"]
[WhiteTitle "IM"]
[WhiteElo "2429"]
[BlackElo "2216"]
[WhiteFideId "12802212"]
[BlackFideId "2049929"]
[EventDate "2012.07.03"]
[EventType "swiss"]

1. d4 Nf6 2. Nf3 e6 3. c4 b6 4. g3 Ba6 5. b3 Bb4+ 6. Bd2 Be7 7. Bg2 c6 8. O-O d5
9. Qc2 O-O 10. Rd1 Nbd7 11. Bf4 Rc8 12. Nc3 b5 13. c5 b4 14. Na4 Bb5 15. Ne1 Nh5
16. Be3 f5 17. Nd3 Bxd3 18. Qxd3 f4 19. Bd2 e5 20. dxe5 Nxe5 21. Qa6 fxg3 22.
hxg3 Bg5 23. Bxb4 Qf6 24. Be1 Nxg3 25. Bxd5+ Kh8 26. Bg2 Ng4 27. Qd3 Be3 28.
fxe3 Qh4 29. Bxg3 Qxg3 30. Qd6 Qxe3+ 31. Kh1 Rcd8 32. Rf1 Nf2+ 33. Rxf2 Qxf2 34.
Qc7 Qxe2 35. Qxc6 Rf4 36. Bh3 Rh4 37. Qg2 Qh5 38. Kh2 Rxh3+ 0-1

[Event "40th Annual World Open"]
[Site "Philadelphia USA"]
[Date "2012.07.06"]
[Round "4"]
[White "Tania, Sachdev"]
[Black "Shulman, Yuri"]
[Result "0-1"]
[WhiteTitle "IM"]
[BlackTitle "GM"]
[WhiteElo "2394"]
[BlackElo "2588"]
[WhiteFideId "5007844"]
[BlackFideId "13500520"]
[EventDate "2012.07.03"]
[EventType "swiss"]

1. d4 Nf6 2. c4 d6 3. Nf3 g6 4. g3 Bg7 5. Bg2 O-O 6. O-O Nbd7 7. Nc3 e5 8. e4 c6
9. Re1 a5 10. h3 Re8 11. Be3 exd4 12. Nxd4 a4 13. Qc2 Qa5 14. Rad1 Qb4 15. b3
Nc5 16. Bf4 Bf8 17. Qb2 axb3 18. axb3 Nfd7 19. Qc2 Ne5 20. Bd2 Qb6 21. Be3 Bg7
22. Ra1 Ned3 23. Rxa8 Nxe1 24. Qa2 Nxg2 25. Kxg2 Qd8 26. g4 Nxe4 27. Nxe4 Rxe4
28. Qa7 Re8 29. Nf3 h5 30. Bf4 d5 31. cxd5 hxg4 32. hxg4 Qxd5 33. Qb6 Qe6 34.
Nh2 Qe4+ 35. Kg3 g5 0-1

[Event "40th Annual World Open"]
[Site "Philadelphia USA"]
[Date "2012.07.06"]
[Round "4"]
[White "Shetty, Atulya"]
[Black "Kekelidze, Mikheil"]
[Result "0-1"]
[BlackTitle "GM"]
[WhiteElo "2252"]
[BlackElo "2494"]
[WhiteFideId "2031213"]
[BlackFideId "13600818"]
[EventDate "2012.07.03"]
[EventType "swiss"]

1. c4 g6 2. g3 Bg7 3. Bg2 c5 4. Nc3 Nc6 5. Nf3 Nh6 6. O-O Nf5 7. Rb1 b6 8. a3 a5
9. e3 O-O 10. Qc2 Ba6 11. d3 e6 12. Rd1 Rc8 13. Ne2 d5 14. b3 d4 15. exd4 cxd4
16. b4 b5 17. c5 axb4 18. axb4 Nfe7 19. Bd2 h6 20. Ne1 Bb7 21. Qb3 Qd7 22. Nc2
Rfd8 23. Nf4 Ne5 24. Ne1 Bxg2 25. Nfxg2 Qb7 26. Ra1 Ra8 27. Qb2 Nd5 28. Bf4 Nc3
29. Rdc1 Nf3+ 30. Kh1 e5 31. Bd2 e4 32. Nxf3 exf3 33. Ne1 Rxa1 34. Rxa1 Re8 35.
Qc1 g5 36. Nc2 Ne2 37. Qf1 g4 38. h3 h5 39. h4 Be5 40. Kh2 Qc7 41. Be1 f5 42.
Na3 f4 43. Nxb5 fxg3+ 44. fxg3 Bxg3+ 45. Kh1 Qe7 0-1

[Event "40th Annual World Open"]
[Site "Philadelphia USA"]
[Date "2012.07.06"]
[Round "5"]
[White "Gupta, Abhijeet"]
[Black "Sokolov, Ivan"]
[Result "1/2-1/2"]
[WhiteTitle "GM"]
[BlackTitle "GM"]
[WhiteElo "2627"]
[BlackElo "2676"]
[WhiteFideId "5010608"]
[BlackFideId "14400030"]
[EventDate "2012.07.03"]
[EventType "swiss"]

1. d4 d5 2. c4 e6 3. Nf3 Bb4+ 4. Bd2 a5 5. g3 Nc6 6. Qc2 Nge7 7. Bg2 e5 8. dxe5
Bf5 9. Qc1 d4 10. O-O Bc5 11. Na3 O-O 12. Nb5 Ng6 13. Rd1 Ncxe5 14. Nxe5 Nxe5
15. Bc3 Nd3 16. exd3 dxc3 17. Nxc3 Qd4 18. Qf4 Qxf4 19. gxf4 Bg4 20. Re1 c6 21.
h3 Be6 22. f5 Bd7 23. d4 Bxd4 24. Red1 c5 25. Ne2 Ba4 26. Rd2 Bf6 27. Nc3 Bc6
28. Nd5 Bg5 29. Re2 Rfe8 30. Rae1 Kf8 31. Nb6 Rxe2 32. Rxe2 Rd8 33. Bxc6 bxc6
34. Kg2 Bf6 35. b3 Rd3 36. Na4 Bd4 37. Nb6 Bf6 38. Na4 Bd4 1/2-1/2

[Event "40th Annual World Open"]
[Site "Philadelphia USA"]
[Date "2012.07.06"]
[Round "5"]
[White "Bosiocic, Marin"]
[Black "Evdokimov, Alexander A."]
[Result "1/2-1/2"]
[WhiteTitle "GM"]
[BlackTitle "GM"]
[WhiteElo "2570"]
[BlackElo "2544"]
[WhiteFideId "14507927"]
[BlackFideId "4139275"]
[EventDate "2012.07.03"]
[EventType "swiss"]

1. d4 Nf6 2. c4 g6 3. f3 c5 4. d5 Bg7 5. e4 O-O 6. Nc3 d6 7. Nge2 e6 8. Ng3 exd5
9. cxd5 a6 10. a4 Nbd7 11. Be2 h5 12. O-O h4 13. Nh1 Nh7 14. Nf2 Rb8 15. f4 Qc7
16. Ra3 c4 17. a5 b5 18. axb6 Nxb6 19. Be3 Bb7 20. f5 gxf5 21. exf5 Rfe8 22. Bd4
Nxd5 23. Bxg7 Ne3 24. Qd4 Nxf5 25. Qxc4 Qxc4 26. Bxc4 Kxg7 27. Ng4 Nh6 28. Nxh6
Kxh6 29. Bxf7 Re3 30. Ra4 Kg5 31. Rb4 Bxg2 32. Rxb8 Bxf1 33. Kf2 Re7 34. Rg8+
Kh6 35. Rg6+ Kh5 36. Rg7+ Kh6 37. Rg6+ Kh5 38. Rg7+ 1/2-1/2

[Event "40th Annual World Open"]
[Site "Philadelphia USA"]
[Date "2012.07.06"]
[Round "5"]
[White "Shabalov, Alexander"]
[Black "Sethuraman, S.P."]
[Result "1/2-1/2"]
[WhiteTitle "GM"]
[BlackTitle "GM"]
[WhiteElo "2534"]
[BlackElo "2535"]
[WhiteFideId "2008572"]
[BlackFideId "5021596"]
[EventDate "2012.07.03"]
[EventType "swiss"]

1. e4 e5 2. Nf3 Nc6 3. Bb5 a6 4. Ba4 Nf6 5. O-O Be7 6. Re1 b5 7. Bb3 d6 8. c3
O-O 9. h3 Na5 10. Bc2 c5 11. d3 Re8 12. Nbd2 Bf8 13. Nf1 h6 14. Ng3 Nc6 15. Nh2
Be6 16. f4 exf4 17. Bxf4 d5 18. e5 Nd7 19. Nf3 d4 20. a4 Nb6 21. Ne4 Nd5 22. Qd2
dxc3 23. bxc3 b4 24. Bg3 bxc3 25. Nxc3 Ndb4 26. Bb1 Na5 27. Qd1 Bf5 28. Ne4 Bxe4
29. Rxe4 c4 30. Kh2 cxd3 31. Rd4 Qb6 32. Bxd3 Nac6 33. Rd7 Nxd3 34. Qxd3 Rad8
35. Rxd8 Rxd8 36. Rb1 Nb4 37. Qc4 a5 38. Bh4 Re8 39. Rc1 Qb7 40. Rc3 Qd7 41. Qb3
Re6 42. Rc4 Rc6 43. Rd4 Qf5 44. Rd8 Rc8 45. Qe3 Rxd8 46. Bxd8 Nc6 47. Nd4 Nxd4
48. Qxd4 Bb4 49. Bc7 Be1 50. Qe3 Bb4 51. Bd6 Qc2 52. Bxb4 axb4 53. a5 b3 54. a6
b2 55. a7 Qa4 56. e6 b1=Q 57. exf7+ Kxf7 58. Qf3+ Kg6 59. a8=Q 1/2-1/2

[Event "40th Annual World Open"]
[Site "Philadelphia USA"]
[Date "2012.07.06"]
[Round "5"]
[White "Azarov, Sergei"]
[Black "Deepan, Chakkravarthy J."]
[Result "1/2-1/2"]
[WhiteTitle "GM"]
[BlackTitle "GM"]
[WhiteElo "2658"]
[BlackElo "2468"]
[WhiteFideId "13501470"]
[BlackFideId "5011132"]
[EventDate "2012.07.03"]
[EventType "swiss"]

1. e4 c5 2. Nf3 d6 3. d4 cxd4 4. Nxd4 Nf6 5. Nc3 Nc6 6. Bc4 e6 7. Be3 a6 8. Bb3
Na5 9. f4 Qc7 10. f5 Nxb3 11. axb3 Rb8 12. O-O Be7 13. Qf3 b5 14. fxe6 fxe6 15.
Qh3 b4 16. Nce2 O-O 17. Nxe6 Qxc2 18. N2d4 Qxe4 19. Rae1 Rf7 20. Bg5 Qxd4+ 21.
Nxd4 Bxh3 22. gxh3 d5 23. Rc1 Bd6 24. Bf4 Bxf4 1/2-1/2

[Event "40th Annual World Open"]
[Site "Philadelphia USA"]
[Date "2012.07.06"]
[Round "5"]
[White "Shyam, Nikil P."]
[Black "Erenburg, Sergey"]
[Result "1/2-1/2"]
[WhiteTitle "IM"]
[BlackTitle "GM"]
[WhiteElo "2502"]
[BlackElo "2624"]
[WhiteFideId "5024218"]
[BlackFideId "2805642"]
[EventDate "2012.07.03"]
[EventType "swiss"]

1. e4 c6 2. d4 d5 3. Nc3 dxe4 4. Nxe4 Bf5 5. Ng3 Bg6 6. h4 h6 7. Nf3 Nd7 8. h5
Bh7 9. Bd3 Bxd3 10. Qxd3 e6 11. Bf4 Qa5+ 12. Bd2 Qc7 13. O-O-O Ngf6 14. Kb1
O-O-O 15. Ne4 Be7 16. g3 c5 17. Bf4 Qc6 18. Nxf6 Bxf6 19. Qa3 cxd4 20. Rhe1 Qc5
21. Qxc5+ Nxc5 22. Ne5 Rhf8 23. Ng4 Be7 24. Be5 f5 25. Nh2 Bf6 26. Nf3 Ne4 27.
Bxd4 Bxd4 28. Rxd4 Nxf2 29. Rxe6 Ne4 30. Rc4+ Kb8 31. a4 Nxg3 32. Re7 Rc8 33.
Rxc8+ Kxc8 34. Rxg7 Nxh5 35. Rh7 Rf6 36. c4 a5 37. Kc2 Ng3 38. b4 axb4 39. Kb3
Ne4 40. a5 Ng5 41. Rh8+ Kc7 42. Nh2 Re6 43. Kxb4 f4 44. Rf8 Re2 45. Ng4 h5 46.
Nf6 f3 47. Nxh5 f2 48. Ng3 Rb2+ 49. Kc3 Ra2 50. Kb3 Rd2 51. Kc3 Ra2 52. Kb3 Rd2
53. Kc3 Ra2 1/2-1/2

[Event "40th Annual World Open"]
[Site "Philadelphia USA"]
[Date "2012.07.06"]
[Round "5"]
[White "Romanov, Evgeny"]
[Black "Kekelidze, Mikheil"]
[Result "0-1"]
[WhiteTitle "GM"]
[BlackTitle "GM"]
[WhiteElo "2623"]
[BlackElo "2494"]
[WhiteFideId "4148843"]
[BlackFideId "13600818"]
[EventDate "2012.07.03"]
[EventType "swiss"]

1. c4 g6 2. d4 Bg7 3. e4 c5 4. d5 d6 5. Nc3 Nf6 6. Nge2 b5 7. cxb5 a6 8. Ng3 h5
9. bxa6 h4 10. Bb5+ Bd7 11. Bxd7+ Nbxd7 12. Nf1 Qa5 13. Nd2 Qxa6 14. Qe2 h3 15.
g3 Ne5 16. Qxa6 Rxa6 17. Ke2 Nfd7 18. Nd1 f5 19. Ne3 Ng4 20. exf5 Nxe3 21. fxe3
gxf5 22. Rf1 Rh5 23. Nf3 Bf6 24. Rd1 Nb6 25. a3 Kd7 26. Rb1 c4 27. Rd2 Ra5 28.
Rc2 Rxd5 29. Bd2 Rb5 30. a4 Nxa4 31. Rxc4 Nxb2 32. Rc2 Rh8 33. Bc1 Rhb8 34. Bxb2
Bxb2 35. Ng1 Bf6 36. Rxb5 Rxb5 37. Nxh3 e5 38. Nf2 e4 39. Nh3 Be5 40. Nf4 d5 41.
Ng6 Bd6 42. Nh4 Ke6 43. Ra2 Rb8 44. Ra6 Rb2+ 45. Ke1 Rxh2 46. Nxf5 Kxf5 47. Rxd6
Kg4 48. Rxd5 Kf3 49. Ra5 Re2+ 50. Kf1 Rd2 51. Ke1 Rd3 52. g4 Rxe3+ 53. Kd2 Re2+
54. Kd1 Rg2 55. Rf5+ Ke3 56. g5 Rg1+ 57. Kc2 Ke2 58. Kc3 e3 59. Ra5 Kf3 0-1

[Event "40th Annual World Open"]
[Site "Philadelphia USA"]
[Date "2012.07.06"]
[Round "5"]
[White "Shulman, Yuri"]
[Black "Ludwig, Daniel"]
[Result "1-0"]
[WhiteTitle "GM"]
[BlackTitle "IM"]
[WhiteElo "2588"]
[BlackElo "2482"]
[WhiteFideId "13500520"]
[BlackFideId "2024322"]
[EventDate "2012.07.03"]
[EventType "swiss"]

1. d4 Nf6 2. c4 e6 3. Nf3 Bb4+ 4. Nbd2 O-O 5. a3 Be7 6. e4 d5 7. e5 Nfd7 8. Bd3
c5 9. h4 h6 10. Bb1 cxd4 11. cxd5 exd5 12. Nb3 Nc6 13. Qd3 f5 14. Bf4 Qc7 15.
Qe2 Qb6 16. Ba2 Re8 17. O-O-O Bf6 18. Nbxd4 Nxd4 19. Rxd4 Nxe5 20. Kb1 Bd7 21.
Bxe5 1-0

[Event "40th Annual World Open"]
[Site "Philadelphia USA"]
[Date "2012.07.06"]
[Round "5"]
[White "Hungaski, Robert Andrew"]
[Black "Arnold, Marc T"]
[Result "0-1"]
[WhiteTitle "IM"]
[BlackTitle "IM"]
[WhiteElo "2488"]
[BlackElo "2529"]
[WhiteFideId "2021030"]
[BlackFideId "2022320"]
[EventDate "2012.07.03"]
[EventType "swiss"]

1. c4 Nf6 2. Nc3 e5 3. g3 Nc6 4. Bg2 Bc5 5. Nf3 d6 6. O-O O-O 7. d3 h6 8. a3 a6
9. b4 Ba7 10. Bb2 Bg4 11. e3 Qd7 12. Qc2 Rac8 13. Rfe1 Nd8 14. Nd2 Bh3 15. Nd5
Nxd5 16. cxd5 Bxg2 17. Kxg2 f6 18. Rac1 Nf7 19. h4 f5 20. d4 e4 21. f4 Nh8 22.
g4 Ng6 23. h5 Ne7 24. gxf5 Nxf5 25. Kf2 Qe7 26. Rh1 Nxd4 27. Qxe4 Nf5 28. Qxe7
Nxe7 29. Rhg1 Rxf4+ 30. Ke2 Rf7 31. Ne4 Nf5 32. Rcf1 Bxe3 33. Rg4 Bd4 34. Bc1
Be5 35. Kd3 Rcf8 36. Rfg1 Kh7 37. Bd2 Nd4 38. Be3 Nf5 39. Bd2 Ne7 40. Nc3 Rf3+
41. Kc2 Rh3 42. Rc4 Rc8 43. b5 axb5 44. Nxb5 Nxd5 45. Rf1 c6 46. Nd4 Rh4 0-1

[Event "40th Annual World Open"]
[Site "Philadelphia USA"]
[Date "2012.07.06"]
[Round "5"]
[White "Friedel, Joshua E"]
[Black "Norowitz, Yaacov"]
[Result "1/2-1/2"]
[WhiteTitle "GM"]
[WhiteElo "2503"]
[BlackElo "2388"]
[WhiteFideId "2017199"]
[BlackFideId "2024799"]
[EventDate "2012.07.03"]
[EventType "swiss"]

1. c4 e6 2. Nf3 Nf6 3. g3 b6 4. Bg2 Bb7 5. O-O c5 6. Nc3 Be7 7. Re1 Nc6 8. d4
Nxd4 9. Nxd4 Bxg2 10. Kxg2 cxd4 11. Qxd4 O-O 12. e4 d6 13. b3 Qc7 14. Bb2 Rfd8
15. f3 a6 16. Red1 Qb7 17. a4 Nd7 18. Nd5 Bf8 19. Ne3 Nc5 20. Qc3 b5 1/2-1/2

[Event "40th Annual World Open"]
[Site "Philadelphia USA"]
[Date "2012.07.06"]
[Round "5"]
[White "Iturrizaga, Eduardo"]
[Black "Molner, Mackenzie"]
[Result "1/2-1/2"]
[WhiteTitle "GM"]
[BlackTitle "IM"]
[WhiteElo "2628"]
[BlackElo "2479"]
[WhiteFideId "3901211"]
[BlackFideId "2021722"]
[EventDate "2012.07.03"]
[EventType "swiss"]

1. Nf3 c5 2. c4 Nf6 3. Nc3 Nc6 4. d4 cxd4 5. Nxd4 e6 6. a3 Be7 7. e4 O-O 8. Nf3
Qa5 9. Bd2 Qh5 10. Bd3 d5 11. cxd5 exd5 12. Nxd5 Nxd5 13. exd5 Qxd5 14. Qc2 Qh5
15. Bc3 1/2-1/2

[Event "40th Annual World Open"]
[Site "Philadelphia USA"]
[Date "2012.07.06"]
[Round "5"]
[White "Sarkar, Justin"]
[Black "Kacheishvili, Giorgi"]
[Result "0-1"]
[WhiteTitle "IM"]
[BlackTitle "GM"]
[WhiteElo "2396"]
[BlackElo "2605"]
[WhiteFideId "2010011"]
[BlackFideId "13600613"]
[EventDate "2012.07.03"]
[EventType "swiss"]

1. d4 d5 2. c4 e6 3. Nc3 Bb4 4. a3 Bxc3+ 5. bxc3 c5 6. e3 Nf6 7. cxd5 exd5 8.
Bd3 O-O 9. Ne2 b6 10. O-O Ba6 11. Bxa6 Nxa6 12. Qd3 Qc8 13. Bb2 Re8 14. c4 dxc4
15. Qxc4 Ne4 16. Rfd1 Qb7 17. a4 Rac8 18. d5 Nb4 19. f3 Nd6 20. Qc3 f5 21. Nf4
Re7 22. Rd2 Rce8 23. Re1 a5 24. g4 fxg4 25. e4 gxf3 26. Ne6 Rf7 27. Rf2 Nxd5 28.
exd5 Qxd5 29. Nxg7 Rxe1+ 30. Qxe1 Ne4 31. Nh5 Kf8 32. Qe3 Qd1+ 33. Rf1 f2+ 34.
Kg2 Qd5 35. Nf4 Qg5+ 36. Kf3 Qh5+ 37. Kxe4 Re7+ 38. Kd3 Qf5+ 39. Kd2 Rxe3 40.
Kxe3 Qc2 41. Rxf2 Qb3+ 42. Ke4 Qxa4+ 43. Ke5 Ke8 44. Nd5 Qh4 45. Rf4 Qh6 46. Bc3
a4 47. Rf6 Qxh2+ 48. Ke6 a3 49. Rf4 a2 50. Ra4 Qh3+ 51. Ke5 Kd7 52. Nxb6+ Kc6 0-1